Green, White, Red Flags - Statistics

General Stats
  • This quiz has been taken 17 times
  • The average score is 11 of 12
Answer Stats
Picture Answer % Correct
Algeria
100%
Belarus
100%
Iran
100%
Mexico
100%
Bulgaria
93%
Hungary
93%
Italy
93%
Lebanon
93%
Maldives
86%
Burundi
79%
Oman
79%
Madagascar
71%
No matching quizzes found
Score Distribution
Percent of People with Each Score
Percentile by Number Answered
Your Score History
You have not taken this quiz